| 000 | 01370nam a2200277 i 4500 | ||
|---|---|---|---|
| 003 | DO-SdBNP | ||
| 005 | 20250822092633.0 | ||
| 007 | ta | ||
| 008 | 250822t2017 dr 000 0 spa d | ||
| 020 | _z9789945895599 | ||
| 040 |
_aDO-SdBNP _bspa _cBNPHU _erda |
||
| 041 | _aspa | ||
| 082 |
_axxxx _bP438 _222 |
||
| 100 | 1 |
_aPérez Viñas, Luisa _eautora _4aut. _988485 |
|
| 245 | 1 | 0 |
_aPacto de fuego / _cLuisa Pérez Viñas |
| 264 | 1 |
_aSanto Domingo : _bEditora Bismar Galán, _c2017. |
|
| 300 |
_a196 páginas _c21 cm. |
||
| 336 |
_atexto _btxt _2rdacontent |
||
| 337 |
_asin mediación _bn _2rdamedia |
||
| 338 |
_avolumen _bnc _2rdacarrier |
||
| 500 | _aIncluye datos biográficos de la autora en la solapa de la cubierta. | ||
| 520 | _aDos nacimientos coincidentes, el de Marisa y el de un mágico eclipse de sol, son presagios de hechos que jamás nadie imaginó en todo el pueblo. En Pacto de Fuego, lo esotérico se disputa espacio con las más inmundas carencias humanas, en una historia definida por el fuego y sus huellas. Desde su creativa imaginación, Luisa Pérez Viñas apuesta, en complicidad con personajes comunes, a una sutil manera de ver, criticar y valorar marcas latentes de esa cultura dominicana que se desborda y abrasa más allá de sus fronteras caribeñas. | ||
| 590 | _aInventariado, 2025/ YL | ||
| 910 | _aYLockward | ||
| 942 |
_2ddc _cLBS1 |
||
| 999 |
_c59806 _d59806 |
||